00406nam a2200157 i 4500001000300000245006900003250001200072260003600084300001900120500001700139504002500156040000800181041000800189080001000197008004100207bg 0aFiziko-chimiceskaja mechanika i liofil'nost' dispersnych sistem. aVyp. 6. aKiev :b"Naukova Dumka",c1974. as. 231 :brys. a[Alf. ros.]. a[Zawiera bibliogr.]. cBPK apol a541.1 s pl f |000 0 pol